[Event "GER Seniors Derby 15th"]
[Site "Wesel Undeloh"]
[Date "2016.04.09"]
[Round "7"]
[White "Becker, Eduard"]
[Black "Rehder, Andrea"]
[Result "1-0"]
[WhiteElo "1160"]
[BlackElo "1702"]
[PlyCount "67"]
[EventDate "2016.04.06"]
[EventType "swiss"]
[EventRounds "9"]
[EventCountry "GER"]
[SourceTitle "EXT 2019"]
[Source "ChessBase"]
[SourceDate "2018.10.10"]
[SourceVersion "1"]
[SourceVersionDate "2018.10.10"]
[SourceQuality "1"]

1. e4 c5 2. g3 Nc6 3. Bg2 g6 4. c3 Bg7 5. f4 e6 6. Nf3 Nge7 7. 0-0 0-0 8. d3 d5 9. Nbd2 Rb8 10. Re1 d4 11. c4 Bd7 12. e5 Nf5 13. Ne4 b6 14. g4 Nh4 15. Nxh4 Qxh4 16. Nd6 Qd8 17. g5 Ne7 18. h4 Nf5 19. Nxf5 exf5 20. h5 b5 21. hxg6 hxg6 22. Bd5 Be6 23. Qf3 bxc4 24. Bxe6 fxe6 25. dxc4 Qd7 26. b3 Kf7 27. Ba3 Qc7 28. Kg2 Rh8 29. Rh1 a5 30. Bc1 Qd7 31. Bd2 Ra8 32. Rh3 Rxh3 33. Qxh3 Rh8 34. Qf3 1-0

[Event "Moehnesee Cup-B"]
[Site "Moehnesee"]
[Date "2005.08.21"]
[Round "7"]
[White "Volesky, Alexander"]
[Black "Becker, Eduard"]
[Result "1/2-1/2"]
[WhiteElo "1135"]
[BlackElo "1343"]
[PlyCount "51"]
[EventDate "2005.08.18"]
[EventType "swiss"]
[EventRounds "7"]
[EventCountry "GER"]
[SourceTitle "CBM 108 Extra"]
[Source "ChessBase"]
[SourceDate "2005.11.04"]
[SourceVersion "1"]
[SourceVersionDate "2005.11.04"]
[SourceQuality "1"]

1. e4 c6 2. d4 d5 3. e5 Bf5 4. Nf3 e6 5. Nc3 Ne7 6. Bg5 Qb6 7. Rb1 Nc8 8. Bd3 Bxd3 9. Qxd3 Nd7 10. 0-0 a6 11. a3 c5 12. dxc5 Nxc5 13. Qd4 Qc7 14. Rbc1 b5 15. b4 Nb7 16. Qe3 Nb6 17. Qd4 Rc8 18. Bd2 Nc4 19. Nb1 g6 20. Rfe1 Bg7 21. Bf4 0-0 22. Nfd2 Rfd8 23. Nxc4 dxc4 24. Qc3 Rd5 25. Rcd1 Rcd8 26. Rxd5 1/2-1/2

[Event "Dortmund op-B"]
[Site "Dortmund"]
[Date "2004.07.29"]
[Round "7"]
[White "Ackerhans, Gerd"]
[Black "Becker, Eduard"]
[Result "0-1"]
[WhiteElo "1515"]
[BlackElo "1317"]
[PlyCount "70"]
[EventDate "2004.07.??"]
[EventType "swiss"]
[EventRounds "9"]
[EventCountry "GER"]
[SourceTitle "EXT 2006"]
[Source "ChessBase"]
[SourceDate "2005.11.24"]
[SourceVersion "1"]
[SourceVersionDate "2005.11.24"]
[SourceQuality "1"]

1. c4 c5 2. Nc3 Nf6 3. g3 g6 4. Nf3 Bg7 5. Bg2 0-0 6. 0-0 Nc6 7. d3 d6 8. Re1 e5 9. a3 Bd7 10. Bg5 Qc8 11. Qd2 Bh3 12. Bh6 Bxg2 13. Kxg2 Re8 14. Bxg7 Kxg7 15. Nb5 Rd8 16. Rab1 a6 17. Nc3 Ne7 18. Qg5 Qc6 19. e4 Qd7 20. b4 h6 21. Qd2 Nc8 22. bxc5 dxc5 23. Nxe5 Qc7 24. f4 Qa5 25. Rb3 Rd4 26. Rxb7 Nd6 27. Nc6 Nfxe4 28. Qb2 Qxc3 29. Qxc3 Nxc3 30. Rd7 Rxd3 31. Ree7 Nce4 32. Ne5 Rd2+ 33. Kh3 Rf8 34. Rc7 Nf2+ 35. Kh4 Nf5# 0-1

[Event "Dortmund op-B"]
[Site "Dortmund"]
[Date "2004.07.24"]
[Round "2"]
[White "Becker, Eduard"]
[Black "Dorobeck, Ulrich"]
[Result "0-1"]
[WhiteElo "1317"]
[BlackElo "1519"]
[PlyCount "76"]
[EventDate "2004.07.??"]
[EventType "swiss"]
[EventRounds "9"]
[EventCountry "GER"]
[SourceTitle "EXT 2006"]
[Source "ChessBase"]
[SourceDate "2005.11.24"]
[SourceVersion "1"]
[SourceVersionDate "2005.11.24"]
[SourceQuality "1"]

1. d4 d5 2. c3 e6 3. Bf4 Nf6 4. e3 Be7 5. Qe2 c5 6. Nd2 Nc6 7. 0-0-0 Bd7 8. Bg5 cxd4 9. exd4 Nxd4 10. Qd3 Nc6 11. f4 h6 12. Bxf6 Bxf6 13. Ngf3 Rc8 14. Kb1 e5 15. fxe5 Bxe5 16. Re1 f6 17. Qg6+ Kf8 18. Bd3 Qe8 19. Nxe5 Nxe5 20. Qg3 Qh5 21. Rhf1 Nxd3 22. Qd6+ Kg8 23. Qxd7 Kh7 24. Re7 Qg6 25. Qf5 Nc5 26. h4 Rhe8 27. Qxg6+ Kxg6 28. Rfe1 Ne4 29. Rxe8 Rxe8 30. Kc2 Kf7 31. c4 Nxd2 32. Rxe8 Kxe8 33. Kxd2 dxc4 34. h5 Kd7 35. g4 Kd6 36. Ke3 Ke5 37. a3 b5 38. Kf3 a5 0-1